| 000 | 00621cam a22002173a 4500 | ||
|---|---|---|---|
| 001 | 42166 | ||
| 003 | PGUSA | ||
| 005 | 20140828083943.0 | ||
| 008 | 130222s2013||||xxu|||||s|||||000 | eng d | ||
| 040 |
_aPGUSA _beng |
||
| 042 | _adc | ||
| 100 | 1 | _aSappho | |
| 245 | 1 | 4 |
_aThe Poems of Sappho : _bAn Interpretative Rendition into English _h[electronic resource] / _cSappho |
| 260 |
_bProject Gutenberg, _c2013 |
||
| 506 | _aPublic domain in the USA. | ||
| 516 | _aElectronic text | ||
| 700 | 1 | _aO'Hara, John Myers | |
| 830 | 0 |
_aProject Gutenberg _v42166 |
|
| 856 | 4 | 0 | _uhttp://www.gutenberg.org/ebooks/42166 |
| 942 | _cEB | ||
| 999 |
_c271418 _d271418 |
||